KalBahamut's April Fools Quiz - Statistics

General Stats
  • This quiz has been taken 882 times
  • The average score is 9 of 20
Answer Stats
Hint Answer % Correct
Who was the founder of Christianity? Jesus
91%
Which company invented digital music players and the smart phone? Apple
87%
Which country is named for the Qin dynasty? China
85%
In which country is Standard English spoken? England
75%
MI6 had a hand in the Paris, 1997 assassination of which member of the royal family? Princess Diana
72%
What wheat protein found in bread and many other foods commonly causes health problems in otherwise healthy people? Gluten
64%
What holiday greetings were invented by secular retailers to undermine the religious aspect of Christmas? Happy Holidays
61%
What Arabic word is mistakenly believed to mean "holy war" but actually means a personal struggle for self improvement? Jihad
57%
He also had ties to which terrorist organization? AlQaeda
50%
Studies have shown that when acts of violence are perpetrated by non-Muslims, media outlets are very reluctant to use what term? Terrorism
48%
What shadowy secret organization are Kanye West, Beyonce, and Lady Gaga members of? Illuminati
45%
Saddam Hussein had an extensive program in the late 90s to manufacture what? WMDs
31%
Which British national invented the Internet while at CERN? Tim Berners-Lee
27%
What's a clinical term and other way of saying manic? Bipolar
23%
US marines were ordered to "stand down" rather than help defend the American consulate in what city? Benghazi
20%
What holiday greetings were invented by secular retailers to undermine the religious aspect of Christmas? Seasons Greetings
20%
Death panels were a provision of what recent piece of American legislation? Obamacare
17%
Which busty Hollywood actress was born with male genitalia? Jamie Lee Curtis
8%
What US law enforcement agency intentionally allowed firearms into the hands of Mexican drug cartels? ATF
7%
Headaches, nerve damage, and assorted other health problems have been found to be caused by what type of beverage? Diet Soda
6%
No matching quizzes found
Score Distribution
Percent of People with Each Score
Percentile by Number Answered
Your Score History
You have not taken this quiz